El hombre que perdio su sombra o la maravillosa historia de peter Schlemihl / (Registro nro. 20103)

Detalles MARC
000 -CABECERA
Longitud fija campo de control 00686nam a2200205 a 4500
003 - • IDENTIFICADOR DELl NÚMERO DE CONTROL
Identificador del número de control CO-ViMGA
008 - • CÓDIGOS DE INFORMACIÓN DE LONGITUD FIJA
Códigos de información de longitud fija 141112s2004 ck r 000 u spa d
020 ## - • NÚMERO INTERNACIONAL NORMALIZADO PARA LIBROS
Número Internacional Normalizado para Libros (ISBN) 9588012163
040 ## - FUENTE DE LA CATALOGACIÓN
Centro catalogador de origen CO-ViMGA
Lengua de catalogación spa
Centro transcriptor CO-ViMGA
082 04 - • NÚMERO DE LA CLASIFICACIÓN DECIMAL DEWEY
Número de clasificación (R) 843.5 Ch15h
100 1# - • PUNTO DE ACCESO PRINCIPAL-NOMBRE DE PERSONA
Nombre de persona Chamisso, Adalbert von
245 10 - • TITULO PROPIAMENTE DICHO
Título El hombre que perdio su sombra o la maravillosa historia de peter Schlemihl /
Mención de responsabilidad, etc. Chamisso Adallbert von
300 ## - • DESCRIPCIÓN FÍSICA
Extensión 107 p.
490 ## - • MENCIÓN DE SERIE
Mención de serie cometa para jovenes y adultos
590 ## - NOTAS LOCALES
Nota local Forma de adquisición : donacion - - Proveedor : Biblioteca Luis Ángel Arango
650 14 - • PUNTO DE ACCESO ADICIONAL DE MATERIA - TÉRMINO DE MATERIA
Término de materia o nombre geográfico como elemento inicial CUENTOS FRANCESES
942 ## - ENTRADA DE ELEMENTOS AGREGADOS (KOHA)
Fuente de clasificaión o esquema Dewey Decimal Classification
Koha [por defecto] tipo de item LIbro
Existencias
Perdido Fuente de clasificación o esquema Estado Físico No para préstamo Forma de adquisición Localización permanente Localización actual Fecha adquisición Serie de enumeración / cronolog&íacute;a Préstamos totales Signatura completa Código de barras Fecha última consulta Número de copia Fecha del precio de reemplazo Tipo de item de Koha Localización en estanterías
  Dewey Decimal Classification     Infantil Biblioteca Pública Puerto López - Jorge Eliecer Gaitán Biblioteca Pública Puerto López - Jorge Eliecer Gaitán 06/18/2025     843.5 Ch15h PLZ01613 06/18/2025 Ej.1 06/18/2025 Libro Infantil Sala Infantil
  Dewey Decimal Classification     Sala General Segundo Piso Biblioteca Pública Germán Arciniegas - Villavicencio Biblioteca Pública Germán Arciniegas - Villavicencio 12/04/2015 Volumen. 1 | 11/jun/2009   843.5 Ch15h 8296 12/04/2015 Ej. 1 12/04/2015 LIbro  
  Dewey Decimal Classification     Infantil Biblioteca Pública Mesetas - Franco lodo Poloxi Biblioteca Pública Mesetas - Franco lodo Poloxi 09/22/2025     843.5 CH15H ME02310 09/22/2025 Ej.1 09/22/2025 LIbro Sala Infantil









Instituto Departamental de Cultura del Meta - Red Departamental de Bibliotecas Públicas del Meta.